[Event "Ptuj zt"]
[Site "Ptuj"]
[Date "1995.??.??"]
[Round "13"]
[White "Zueger, Beat"]
[Black "Gostisa, Leon F"]
[Result "1-0"]
[WhiteElo "2480"]
[BlackElo "2420"]
[Annotator "Baburin,A"]
[PlyCount "57"]
[EventDate "1995.04.??"]
[EventType "tourn"]
[EventRounds "15"]
[EventCountry "SLO"]
[EventCategory "10"]
[SourceTitle "CBM 047"]
[Source "ChessBase"]
[SourceDate "1995.08.01"]
[SourceVersion "1"]
[SourceVersionDate "1995.08.01"]
[SourceQuality "1"]

1. c4 c5 2. g3 e6 3. Bg2 Nf6 4. Nf3 Qc7 5. b3 a6 6. Bb2 Be7 7. e4 d6 8. O-O O-O
9. Nc3 b6 10. d4 cxd4 11. Nxd4 Bb7 12. Rc1 Nbd7 13. f4 Rfe8 14. f5 {White
tries to create weaknesses in Black's camp (e.g. after e6-e5 the d5-sq will be
weak) and in the game he succeeds.} Nc5 $2 {The position of the Knight on c5
is active, but not stable.} (14... Nf8) 15. fxe6 fxe6 16. b4 $1 e5 17. Nf5
Ncxe4 18. Nxe4 Nxe4 19. Qg4 $18 Bg5 20. Rce1 Nd2 21. Bxb7 Qxb7 22. Qxg5 Nxf1
23. Nxd6 $1 Nxh2 24. Kxh2 Qf3 25. Nxe8 Qf2+ 26. Kh3 Rxe8 27. Bxe5 g6 28. Qe3
Qf5+ 29. g4 1-0

[Event "Ciocaltea Memorial"]
[Site "Bucharest"]
[Date "1997.??.??"]
[Round "9"]
[White "Cosma, Ioan"]
[Black "Moldovan, Daniel"]
[Result "1/2-1/2"]
[WhiteElo "2495"]
[BlackElo "2435"]
[Annotator "Bangiev,A"]
[PlyCount "33"]
[EventDate "1997.03.??"]
[EventType "tourn"]
[EventRounds "13"]
[EventCountry "ROU"]
[EventCategory "10"]
[SourceTitle "CBM 060"]
[Source "ChessBase"]
[SourceDate "1997.09.29"]
[SourceVersion "1"]
[SourceVersionDate "1997.09.29"]
[SourceQuality "1"]

1. d4 {Milu,R} g6 2. Nf3 Bg7 3. g3 c5 4. c4 cxd4 5. Nxd4 Nc6 6. Nc2 d6 (6... h5
7. h3 d6 8. Nc3 Be6 9. Nd5 Rc8 10. Nce3 Nh6 11. Bg2 Nf5 12. O-O Qd7 13. Nxf5
Bxf5 14. h4 O-O $15 {1/2-1/2 Vakhidov,T-Malisauskas,V/URS-OT56 Uzhgorod 1988 
(19)}) (6... Qb6 7. Nd2 (7. Nc3 Bxc3+ 8. bxc3 Nf6 9. Bg2 d6 10. O-O O-O 11. Bg5
Qc5 12. Bxf6 exf6 13. Rb1 Be6 14. Rxb7 Rab8 15. Rb5 Rxb5 16. cxb5 Ne5 17. Nd4
$14 {1/2-1/2 Greenfeld,A-Alterman,B/ISR-chT 1996 (29)}) 7... Nf6 8. Bg2 O-O 9.
O-O d6 10. Ne3 Bd7 11. Rb1 Nb4 $5 12. Qb3 Bc6 13. a3 Bxg2 14. Kxg2 Qc6+ 15. f3
Na6 16. Nd5 Nxd5 17. cxd5 Qc7 18. Ne4 Rfc8 $132 {Kortschnoj,V-Spangenberg,H/
Buenos Aires Najdorf 1993/1/2-1/2 (49)}) (6... b6 7. Bg2 Bb7 8. O-O Qc8 9. Nc3
Na5 10. Bxb7 Qxb7 11. Qd3 Rc8 12. Ne3 {1/2-1/2 Szuhanek,R-Ivkov,B/Belgrade
Minex 1995}) 7. Bg2 (7. Nc3 Bxc3+ 8. bxc3 Qa5 9. Bd2 Nf6 $15) 7... h5 $5 (7...
Be6 8. Ne3 Qd7 (8... Rc8 9. O-O Qd7 10. Nd2 Bh3 11. Nf3 Nf6 12. Rb1 Bxg2 13.
Kxg2 O-O 14. b3 Ne4 15. Bb2 Nc3 16. Bxc3 Bxc3 $11 {Mikhalchishin,A-Cramling,P/
Hastings 1985}) 9. O-O (9. h3 $5 Rc8 (9... Nf6 10. Nc3) (9... Nh6 10. g4 $5) (
9... Ne5 10. c5 $5)) 9... Bh3 (9... Rc8 10. Nd2 Nf6 11. Rb1 Bh3 12. Nf3 Bxg2
13. Kxg2 O-O 14. b3 Ne4 15. Bb2 Nc3 16. Bxc3 Bxc3 17. Qd3 Bg7 {1/2-1/2
Yermolinsky,A-Benjamin,J/ USA Ch 1993}) 10. Bxh3 (10. Nd2 {/\ Nf3, Rb1, b3, Bb2
}) 10... Qxh3 11. Nd5 Rc8 12. Nd2 Qg4 $5 13. Rb1 h5 14. f3 Qd7 15. Ne4 h4 $36 {
0-1 Hjartarson,J-Ljubojevic,L/ Linares 1988 (25)}) (7... Nf6 8. Nc3 Nd7 9. Bd2
a5 10. O-O Nc5 11. Rb1 O-O 12. Ne3 Bd7 13. Ned5 e6 14. Ne3 Nd4 15. Nc2 Nxc2 16.
Qxc2 Bc6 17. Rfd1 Bxg2 18. Kxg2 Qd7 19. Be3 Qc6+ {Savon,V-Browne,W/Mar del
Plata 1971/MCD-r7/1/2-1/2 (64)}) (7... Nh6 8. O-O Nf5 {1/2-1/2 Ruck,R-Bilek,I/
HUN-chT1 1995/EXT 95ch}) 8. O-O (8. h3 Be6 9. Ne3 Qd7) 8... h4 9. Nc3 $6 hxg3
$5 (9... Bxc3 10. bxc3 Qa5 11. Ne3 Qh5 12. Bf3 Qh7 $6 13. g4) 10. hxg3 Bxc3 $5
{Dies soll die lästige Drohung Nc3-d5 beseitigen und eine Bauernschwäche auf
c4 schaffen.} 11. bxc3 Qa5 (11... Bh3 $142 $15 {Milu,R} 12. Bxh3 Rxh3 13. Kg2
Qd7 14. Rh1 Rxh1 15. Qxh1 Ne5) 12. Ne3 (12. Qd5 Nf6 (12... Qxc3 {Milu,R} 13.
Qb5 $13) 13. Qxa5 Nxa5 14. Ne3 Be6 15. Nd5 Rc8 $17) 12... Qh5 $1 $36 (12...
Qxc3 $6 13. Rb1 $36) 13. f3 Bh3 (13... Qh2+ 14. Kf2 Rh3 15. g4 Qg3+ 16. Kg1 Nf6
(16... Ne5 {Milu,R} 17. Rf2 (17. Qe1 $4 Qh2+ 18. Kf2 Rxf3+ $1 19. exf3 Nd3+))
17. Nd5 $15) (13... Nf6 14. Kf2) (13... Ne5 $6 14. Kf2) 14. Qd5 $5 Bxg2 $1 {
Die schwarze Bauernstruktur ist wesentlich besser als die weiße. Deshalb
verspricht das bevorstehende Endspiel dem Schwarzen die besseren Aussichten.} (
14... f5 $5 $36 15. Qb5 $5 (15. f4 Nf6 16. Qf3 Bxg2 17. Qxh5 Rxh5 18. Kxg2 Ne4
19. Rb1 O-O-O $17) 15... O-O-O $5 (15... Rb8 $5 16. Kf2 f4 17. gxf4 Qh4+ 18.
Kg1 Qxf4 19. Nc2 Qg3 20. Qg5 $15) (15... Bxg2 16. Nxg2 Qh2+ 17. Kf2 Rb8 (17...
Rh3 18. Qxb7 Qxg3+ 19. Ke3 $16) 18. g4 $5 fxg4 19. Bf4 Qh5 20. Rh1 Qxh1 21.
Rxh1 Rxh1 22. Qg5 $13) 16. Rb1 Rd7 17. Kf2 f4 $1 18. gxf4 Qh4+ 19. Kg1 Qxf4 $17
) (14... Qh7 $5 $19 {Fritz 5.00 (100s)}) 15. Qxh5 Rxh5 16. Kxg2 Nf6 (16... Rc8
$5 17. Rb1 b6 18. g4 Ra5 $15) 17. g4 $15 1/2-1/2

[Event "Moscow2"]
[Site "Moscow"]
[Date "1995.??.??"]
[Round "?"]
[White "Razuvaev, Yuri S"]
[Black "Kholmov, Ratmir D"]
[Result "1/2-1/2"]
[WhiteElo "2580"]
[BlackElo "2445"]
[Annotator "Belov,I"]
[PlyCount "71"]
[EventDate "1995.04.??"]
[EventType "tourn"]
[EventRounds "9"]
[EventCountry "RUS"]
[EventCategory "11"]
[SourceTitle "CBM 047"]
[Source "ChessBase"]
[SourceDate "1995.08.01"]
[SourceVersion "1"]
[SourceVersionDate "1995.08.01"]
[SourceQuality "1"]

1. Nf3 Nf6 2. c4 e6 3. g3 b6 4. Bg2 Bb7 5. O-O c5 6. Nc3 Be7 7. Re1 Ne4 8. d4
$5 $146 (8. Nxe4 Bxe4 9. d3 Bxf3 (9... Bb7 10. e4 Nc6 (10... d6 11. d4 cxd4 12.
Nxd4 O-O 13. b3 a6 14. Ba3 Qc7 15. Rc1 $14 {Nikitin,Y-Tjanov,T/Voroshilovgrad/
1989/1:0/15/}) 11. d4 cxd4 12. Nxd4 Nxd4 13. Qxd4 O-O $10 {Korschnoj,V-Ftacnik,
L/Ostrava/1994/0,5/47/}) 10. Bxf3 Nc6 11. Qa4 Qc7 12. Bf4 Bd6 13. Bxd6 Qxd6 14.
a3 Rc8 15. b4 O-O $10 {Navrotescu,C-Kholmov,R/Turgu-Mures/1992/}) (8. Qc2 Nxc3
9. dxc3 Nc6 10. e4 (10. Bf4 $1 O-O 11. Rad1 $14 {Ftacnik,L}) 10... d6 11. Nd2
O-O 12. f4 a6 13. a4 Qd7 $10 {Vaganian,R-Ftacnik,L/Manila olm/1992/0,5/22/})
8... d5 (8... cxd4 $6 9. Nxe4 Bxe4 10. Qxd4 $16) (8... Nxc3 9. bxc3 O-O 10. e4
d6 11. d5 e5 12. Nd2 Nd7 13. f4 $14) 9. cxd5 exd5 10. dxc5 (10. Qa4+ $5 Bc6 (
10... Qd7 11. Qc2 Nc6 12. dxc5 Nxc5 13. Rd1 $14) 11. Qc2 Nd7 (11... O-O 12. Ne5
) 12. dxc5 $14) 10... Nxc3 (10... Bxc5 11. Nxe4 dxe4 12. Qxd8+ Kxd8 13. Ng5 $16
) 11. bxc3 Bxc5 12. Nd4 O-O 13. Nb3 Na6 (13... Be7 14. c4 $16) 14. c4 Bb4 15.
Rf1 Nc7 16. Bb2 dxc4 (16... Qd7 17. Qd4 f6 18. cxd5 $18) 17. Bxb7 Rb8 18. Bg2
cxb3 19. Qxb3 $14 Qe7 20. Rfd1 Rbd8 21. e3 Ne6 22. h4 (22. h3 Bc5 23. Kh2 Rxd1
24. Rxd1 Rd8 25. Rxd8+ Qxd8 26. Bd5 Qe7 27. f4 Nc7 28. Qc3 Qf8 29. Bb3 $14)
22... Bd6 23. Rd5 Rfe8 24. Rad1 Qc7 25. Qa4 $5 Nc5 26. Qg4 Bf8 27. h5 h6 28.
R1d4 Qc8 (28... Rxd5 29. Bxd5 Ne6 30. Re4 Qd7 31. Qf5 $16) 29. Qd1 (29. Rf5 $5
Ne6 30. Rxd8 Rxd8 31. Bd5 $16) 29... Rxd5 30. Rxd5 Be7 31. Bf3 Rd8 32. Kg2 Rxd5
33. Qxd5 Qd8 34. Qc6 (34. Qxd8+ Bxd8 35. Bc6 Bf6 $14) 34... Nd3 35. Bc3 Bf6 $5
36. Bxf6 (36. Bxf6 gxf6 (36... Qxf6 37. Qe8+ Kh7 38. Be4+ $18) (36... Ne1+ 37.
Kf1) 37. Be4 Ne5 (37... Ne1+ 38. Kh2 Qd2 39. Qc8+ Kg7 40. Qf5 Kf8 41. a4 $14)
38. Qb7 a5 $14) 1/2-1/2

[Event "Moscow"]
[Site "Moscow"]
[Date "1981.04.??"]
[Round "4"]
[White "Polugaevsky, Lev"]
[Black "Gheorghiu, Florin"]
[Result "1/2-1/2"]
[WhiteElo "2620"]
[BlackElo "2545"]
[Annotator "Belov,I"]
[PlyCount "49"]
[EventDate "1981.04.08"]
[EventType "tourn"]
[EventRounds "13"]
[EventCountry "URS"]
[EventCategory "15"]
[SourceTitle "MCL"]
[Source "ChessBase"]
[SourceDate "1999.07.01"]
[SourceVersion "1"]
[SourceVersionDate "1999.07.01"]
[SourceQuality "1"]

1. Nf3 c5 2. c4 Nf6 3. Nc3 e6 4. g3 b6 5. Bg2 Bb7 6. O-O Be7 7. d4 cxd4 8. Qxd4
d6 9. b3 O-O (9... a6 10. Ba3 $1 Nc6 11. Qf4 Qb8 (11... d5 12. Bxe7 Nxe7 13.
Rfd1 Qb8 14. Qxb8+ Rxb8 15. cxd5 Nfxd5 16. Nxd5 Bxd5 17. Rac1 $16 {Andersson,
U-Gheorghiu,F/Moscow(izt)/1982/}) 12. Rfd1 d5 13. Bxe7 Nxe7 14. Ne5 $16 {
Karpov,An-Hansen,L/Thessaloniki(ol)/1988/1:0 (26)/}) (9... Nbd7 10. e4 (10. Nb5
Nc5 11. Rd1 Nfe4 12. Qxg7 $1 Bf6 13. Qh6 Bxa1 14. Ng5 Be5 15. b4 $1 Qf6 16.
Qxf6 Nxf6 17. f4 $1 $44 {Korchnoi,V-Greenfeld,A/Beer Sheva/1990/1:0 (37) Inf
49/49/}) 10... a6 11. Rd1 Qb8 12. Ba3 Nc5 13. e5 dxe5 14. Qxe5 Ncd7 15. Qxb8+
Rxb8 16. Bc1 O-O $10) 10. Bb2 (10. Ba3 Na6 11. Rfd1 Nc5 12. Nb5 Nfe4 13. b4 Na4
14. Qe3 a6 15. Nbd4 b5 $10) (10. e4 Nbd7 11. Qe3 a6 12. Bb2 $14) 10... a6 11.
e4 Nbd7 12. Nd2 (12. Qe3 $5 {Uhlmann/} Qc7 13. Nd4 Rfe8 $1 14. Rfe1 Bf8 15. Re2
(15. h3 $5) 15... Rad8 16. Qd2 g6 17. Rd1 $14 {Uhlmann,W-Gheorghiu,F/DDR-ROM/
1984/}) 12... Qc7 13. Rac1 Rfe8 14. h3 Bf8 15. b4 $5 Rac8 $10 16. a3 Qb8 17. f4
Bc6 {/\ b5/} 18. Rc2 (18. b5 $6 axb5 19. cxb5 d5 $1 $17) 18... e5 $1 (18... b5
19. cxb5 Bxb5 20. Rfc1 $14) 19. Qd3 b5 20. cxb5 Bxb5 $1 (20... axb5 21. Nd5 $16
{/\ Rfc1/}) 21. Nxb5 Rxc2 22. Qxc2 axb5 23. Qd3 h5 $5 24. Rf2 $6 (24. f5 $142
$15) 24... h4 $17 25. fxe5 (25. fxe5 Nxe5 26. Bxe5 dxe5 $17) 1/2-1/2

[Event "Wch U20 55th"]
[Site "Bhubaneswar"]
[Date "2016.08.17"]
[Round "9"]
[White "Maghsoodloo, Parham"]
[Black "Xiong, Jeffery"]
[Result "0-1"]
[WhiteElo "2576"]
[BlackElo "2633"]
[Annotator "Besenthal,K"]
[PlyCount "104"]
[EventDate "2016.08.08"]
[EventType "swiss"]
[EventRounds "13"]
[EventCountry "IND"]
[SourceTitle "CBM 173 Extra"]
[Source "ChessBase"]
[SourceDate "2016.08.29"]
[SourceVersion "1"]
[SourceVersionDate "2016.08.29"]
[SourceQuality "1"]

1. Nf3 Nf6 2. b3 g6 3. Bb2 Bg7 4. g3 b6 5. Bg2 Bb7 6. O-O O-O 7. c4 c5 8. e3 d5
{Diagramm [#] Mit dem Durchbrechen der Symmetrie setzt Xiong aus
psychologischer Sicht ein wichtiges Zeichen.} 9. cxd5 Qxd5 10. Nc3 Qd7 11. d4
cxd4 12. Qxd4 {Weiß hingegen signalisiert, dass er friedlich gestimmt wäre...
} Nc6 13. Qh4 {... um dann gleich wieder davon abzuweichen.} (13. Qxd7 Nxd7 14.
Nd4 Rac8 15. Rfd1 {war bequem für Weiß.}) 13... Rad8 14. Rad1 (14. Rac1 {
dürfte sinnvoller sein.}) 14... Qc8 $1 {Noch ist nichts passiert, aber
trotzdem stark: Die Dame will nach a8.} 15. Nb5 {Diagramm [#]} a6 $6 {Auch
nicht wirklich schlimm, aber dieser Zug sieht fast wie ein Übersehen aus.} 16.
Nbd4 $6 {Das erzeugt aufgrund des ungedeckten Lb2 eine unangenehme (bislang
noch verdeckte) Fesselung.} (16. Nd6 $1 Rxd6 17. Rxd6 exd6 18. Bxf6 Ne5 19.
Bxg7 Kxg7 20. Qd4 $14) 16... Qa8 17. Nxc6 Bxc6 {Diagramm [#]} 18. Rxd8 {
Von diesem Turmtausch dürfte einzig Schwarz profitieren.} ({Sofort} 18. Qf4 $4
{verliert offensichtlich:} Nh5) ({Das nahezu zwangsläufige} 18. Bxf6 Bxf6 19.
Ng5 $1 Bxg5 20. Bxc6 Bxh4 21. Bxa8 Bxg3 22. hxg3 Rxd1 23. Rxd1 Rxa8 24. Rd7 Kf8
25. Rb7 b5 26. Rb6 Ke8 27. a4 {war aber wohl die bessere Alternative.}) 18...
Rxd8 19. Bxf6 Bxf6 20. Qf4 $6 ({Auch hier:} 20. Ng5 $1 $15) 20... Kg7 21. Ne1 {
Diagramm [#] Gibt das Feld d2 preis, doch was soll Weiß tun?} Rd2 22. Qb4 Rxa2
23. Qxb6 Bd5 24. Qb4 Rb2 25. Qb6 (25. Bxd5 Qxd5 26. Qa4 Qb5 $17) 25... a5 26.
Qb5 e6 27. Bxd5 Qxd5 28. Qxd5 exd5 29. Nf3 Rxb3 {Diagramm [#] Schwarz hat
Gewinnstellung erlangt und Jeffery Xiong lässt sich das auch nicht mehr
nehmen.} 30. Rd1 Rb5 31. Nd4 Rb6 32. Nc2 Rc6 33. Nd4 Ra6 34. Nb5 a4 35. Nc7 Rc6
36. Ne8+ Kf8 37. Nxf6 Rxf6 38. Rxd5 Ra6 39. Kf1 a3 40. Rd1 Ke7 41. Ke1 a2 42.
Ra1 Kd6 43. Kd2 Kd5 44. Kd3 Ra3+ 45. Kd2 h5 46. h3 g5 47. g4 h4 48. Kd1 Ke4 49.
Ke2 f6 50. f3+ Kd5 51. Kd2 Kc4 52. Kc2 Rxe3 0-1

[Event "EU-ch 9th"]
[Site "Plovdiv"]
[Date "2008.04.25"]
[Round "5"]
[White "Bindrich, Falko"]
[Black "Pelletier, Yannick"]
[Result "1/2-1/2"]
[WhiteElo "2513"]
[BlackElo "2607"]
[Annotator "Bindrich,F"]
[PlyCount "77"]
[EventDate "2008.04.21"]
[EventType "swiss"]
[EventRounds "11"]
[EventCountry "BUL"]
[SourceTitle "CBM 124"]
[Source "ChessBase"]
[SourceDate "2008.05.28"]
[SourceVersion "1"]
[SourceVersionDate "2008.05.28"]
[SourceQuality "1"]

1. Nf3 Nf6 2. c4 c5 3. Nc3 e6 4. g3 b6 5. Bg2 Bb7 6. O-O Be7 7. Re1 d5 8. cxd5
Nxd5 9. Nxd5 Qxd5 10. d4 cxd4 11. Qxd4 {Not the most ambitious attempt, but
nevertheless it is not that easy for Black.} O-O (11... Qxd4 12. Nxd4 Bxg2 13.
Kxg2 O-O 14. Be3 Bc5 15. Red1 Na6 16. a3 Rfc8 17. Rac1 Kf8 18. Rc4 e5 19. Nf5
Bxe3 20. Nxe3 Nc5 21. Kf3 Rd8 22. b4 {1/2-1/2 Alekseev,E-Gelfand,B/Sochi 2007/
CBM 118}) 12. Bg5 Bxg5 {Draw offer} 13. Qxd5 Bxd5 14. Nxg5 Bxg2 15. Kxg2 Rd8
16. Rac1 Na6 17. Red1 h6 18. Nf3 Rxd1 $5 (18... Kf8 {occurred in an old game.}
19. a3 Rxd1 20. Rxd1 Ke8 21. Rd4 Nb8 22. Rg4 Kf8 23. Rc4 Nd7 24. Rc7 Ke8 25.
Nd4 Kd8 26. Rc3 a6 27. Nc6+ Ke8 28. Rd3 Nc5 29. Rd6 Nb7 30. Rd4 Rc8 31. Ne5 Rc7
32. Nc4 b5 33. Nd6+ Ke7 {1/2-1/2 Taimanov,M-Jansa,V/Hastings 1976/EXT 1999})
19. Rxd1 Rc8 20. Rd7 (20. a3 $1 Rc2 $1 21. b4 Ra2 22. Rd8+ Kh7 23. Rd7 Rxa3 24.
Rxa7 Ra2 25. b5 Nb4 26. Rxf7 Rxe2 27. Nd4 Re5 28. Rd7 Kg6 29. f4 Rd5 30. Rxd5
exd5 31. Nc6 Na2 32. Ne7+ Kf7 33. Nxd5 Ke6 34. Nxb6 Nc3 $14) 20... Rc7 (20...
Rc2 $1 {would have equalized.} 21. Rxa7 Nb4 22. a3 Nd5 23. Nd4 Rxb2 $11) 21.
Rd8+ Kh7 22. Ra8 Nb4 23. a3 Nc6 24. b4 b5 $6 (24... Kg6 $1) 25. g4 Kg6 26. Kg3
h5 $1 27. h3 (27. Nh4+ Kf6 28. gxh5 Nd4 $11) 27... hxg4 28. hxg4 Kf6 29. e3 Ke7
30. Kf4 Rb7 $1 31. g5 $6 (31. Rc8 $1 Kd6 (31... Rb6 32. Rc7+ Kd6 (32... Ke8 33.
Ng5 Ra6 34. Rxf7 Rxa3 35. Rxg7 (35. Rb7 Nxb4 36. Nxe6 Nd3+ 37. Kg3 g6 38. Rxb5
$14) 35... Nxb4 36. Nxe6 Nd3+ 37. Kg3 b4 38. Rb7 a5 39. g5 Ne5 40. Kf4 $18) 33.
Rxf7 Ra6 34. Nd2 (34. Rxg7 Rxa3 35. Rb7 Nxb4 36. Rxb5 Nd5+ 37. Kg3 $16) 34...
Rxa3 35. Ne4+ Kd5 36. Rxg7 Nxb4 37. Rd7+ Kc6 38. Rd6+ Kc7 39. Ke5 $16) 32. Ng5
f6 33. Ne4+ (33. Nxe6 Nxb4 34. axb4 Kxe6 35. Rc6+ Kd5 36. Rc5+ Kd6 $11) 33...
Kd5 34. Nc3+ Kd6 35. g5 $14) (31. Rg8 Rb6 32. Rxg7 Ra6 33. Rg5 Rxa3 34. Rxb5
Ra4 35. Rb7+ Ke8 36. Kg3 Rxb4) 31... Rb8 $1 $11 32. Rxb8 Nxb8 33. Nd4 a6 34.
Ke4 Kd6 35. f4 Nd7 36. Nf3 Nb6 37. Kd4 f6 38. e4 Nc4 39. gxf6 1/2-1/2

[Event "Kottnauer Memorial"]
[Site "Prague"]
[Date "1996.??.??"]
[Round "3"]
[White "Blatny, Pavel"]
[Black "Hort, Vlastimil"]
[Result "1-0"]
[WhiteElo "2515"]
[BlackElo "2550"]
[Annotator "Blatny,P"]
[PlyCount "56"]
[EventDate "1996.06.??"]
[EventType "tourn"]
[EventRounds "10"]
[EventCountry "CSR"]
[EventCategory "12"]
[SourceTitle "CBM 054"]
[Source "ChessBase"]
[SourceDate "1996.10.01"]
[SourceVersion "1"]
[SourceVersionDate "1996.10.01"]
[SourceQuality "1"]

1. Nf3 c5 2. b3 b6 3. Bb2 Bb7 4. e3 Nf6 5. g3 g6 6. Bg2 Bg7 7. c4 O-O 8. O-O e6
(8... d5 9. d3 Nc6 10. Qe2 Qd7 11. Re1 Rad8 12. Nc3 Rfe8 13. e4 d4 14. Nd5 Nh5
15. Nf4 Nxf4 16. gxf4 $14 {Blatny,P-Enders,P/BL 9495 (1995) ;BL 90 1995}) (8...
Na6 $5 9. d3 d5 10. Qe2 e6 11. Rd1 Qe7 12. Nc3 Rfd8 13. Rac1 Nb4 14. Ba1 Rac8
$10 {Forintos,G-Bricard,E/Paris op ;EXT 95op 1995}) 9. d3 (9. d4 Qe7 10. Nc3
Na6 11. Qe2 d5 12. Rfd1 Rfd8 13. Rac1 dxc4 14. bxc4 Rac8 (14... Ne4 15. Nb5 Nb4
16. Ba1 a6 17. Nc3 b5 $2 18. Nxe4 Bxe4 19. a3 Nc6 20. cxb5 axb5 21. Rxc5 $16 {
Spraggett,K-Sax,G/Clermont Ferrand ;CBM 14 1989}) 15. Nb5 Be4 16. a3 Nb8 17.
dxc5 bxc5 18. Be5 Ne8 19. Bxg7 Kxg7 20. Ne5 Bxg2 21. Kxg2 f6 22. Nd3 Nc6 $10 {
Karpov,An-Kasparov,G (11)/Wch31-KK1 Moscow ;MAINB 1984}) 9... d5 (9... Qe7 10.
Qe2 Rd8 11. Nc3 d6 12. Rad1 Nbd7 13. d4 cxd4 14. Nxd4 Bxg2 15. Kxg2 Rac8 16. e4
a6 17. f3 h5 $5 18. Rfe1 Nc5 $10 {Makarichev,S-Vaganian,R/Tallinn rapid
Cup-URS (03) ;EXT 88 1988}) (9... a6 10. Nc3 d6 11. Qe2 Nbd7 12. a3 Qc7 13.
Rab1 Rfe8 14. b4 Rab8 15. Rfc1 Ba8 16. h3 Bh6 17. b5 a5 18. Nh2 Bxg2 19. Kxg2
d5 20. Rd1 d4 21. exd4 cxd4 22. Na4 e5 $36 {Skembris,S-Kudrin,S/Chania op (05)
;EXT 95op 1995}) 10. Nc3 $5 (10. Qe2 Nc6 11. Rd1 Re8 12. Nbd2 e5 13. cxd5 Nxd5
14. Nc4 Qd7 15. Ng5 Rad8 16. h4 Qe7 17. Rd2 h6 18. Nf3 b5 19. Na3 a6 $15 {
Kalmar,M-Balazs,I/HUN-chT2 9293 (07) ;TD 93\10 1993}) 10... Nc6 11. Qd2 (11.
Qe2) 11... Qe7 (11... dxc4 12. bxc4 Qe7 13. Rfd1 $14) 12. cxd5 exd5 13. Rfe1 $1
Rfd8 14. Rad1 Rac8 15. Qc1 Ba6 16. Bh3 Rb8 (16... Rc7 $142 17. d4 Nb4 $1 (17...
cxd4 $6 18. Ba3 $1 Qe8 (18... Nb4 $2 19. Rxd4 $18) 19. exd4 Ne7 (19... Ne4 20.
Nxe4 Ne5 (20... dxe4 21. Qf4 $1 $18) 21. Nf6+ $1 (21. Qxc7 Nxf3+ 22. Kh1 Nxe1
$16) 21... Bxf6 22. Qf4 Nxf3+ 23. Qxf3 Be7 (23... Qc6 24. Rc1 Re8 25. Qxf6 $1
$18) 24. Qf4 $1 Rb7 25. Qe5 $18) 20. Qf4 $1 Rb7 21. Qe3 Bf8 22. Qe5 $16) 18.
Qb1 (18. Ne5 $2 cxd4 19. exd4 Nxa2 20. Qa1 Nxc3 21. Bxc3 Ne4 $17) 18... Ne4
$132 (18... Bc8)) 17. d4 Bc8 (17... Nb4 18. Ne5 $14) 18. Bg2 $1 Bf5 19. Ne5 $1
Nb4 $2 (19... Nxe5 $2 20. dxe5 Qxe5 21. Nxd5 Qe6 22. Bxf6 Bxf6 23. e4 Bg4 24.
f3 Bd4+ (24... Bh5 25. Nxf6+ Qxf6 26. g4 $18) 25. Rxd4 cxd4 26. fxg4 Rbc8 27.
Qg5 $18) (19... Qe6 20. Nxc6 Qxc6 21. dxc5 bxc5 22. Nxd5 $1 Nxd5 23. Bxg7 Kxg7
24. e4 $16 {_|_}) (19... Na5 $142 $5 20. h3 {/\g4+/=}) 20. a3 Rbc8 $8 21. axb4
cxb4 22. Nc6 $3 Qd6 (22... Rxc6 23. Nxd5 Rxd5 24. Qxc6 Rd6 25. Qc4 a5 26. e4
$18) 23. Nxd5 $1 (23. Nxd8 $6 Qxd8 $16) 23... Nxd5 24. Bxd5 Bd7 (24... Kf8 25.
Bg2 {/\d5+-}) (24... Be6 25. Bxe6 Rxc6 (25... fxe6 26. d5 $1 exd5 27. Bxg7 Rxc6
28. Qb2 $18) 26. Bc4 b5 27. d5 Rcc8 28. Bxg7 bxc4 29. Bd4 $18) (24... Bg4 25.
f3 Bf6 26. Be4 $18) 25. Bxf7+ $1 Kf8 (25... Kxf7 26. Nxd8+ $18) 26. d5 $18 Bxb2
(26... Bxc6 27. Bxg7+ Kxf7 28. dxc6 $18) 27. Qxb2 Kxf7 (27... Bxc6 28. Be6 $1
$18) 28. Nxd8+ Rxd8 1-0

[Event "USA-ch"]
[Site "Greenville"]
[Date "1983.??.??"]
[Round "4"]
[White "Dzindzichashvili, Roman"]
[Black "Benjamin, Joel"]
[Result "1-0"]
[WhiteElo "2460"]
[BlackElo "2475"]
[Annotator "Bulletin"]
[PlyCount "41"]
[EventDate "1983.07.??"]
[EventType "tourn"]
[EventRounds "13"]
[EventCountry "USA"]
[EventCategory "10"]
[SourceTitle "MCL"]
[Source "ChessBase"]
[SourceDate "1999.07.01"]
[SourceVersion "1"]
[SourceVersionDate "1999.07.01"]
[SourceQuality "1"]

1. c4 Nf6 2. Nc3 c5 3. g3 e6 4. Nf3 b6 5. Bg2 Bb7 6. O-O Be7 7. d4 cxd4 8. Qxd4
O-O 9. b3 (9. Rd1 d6 10. Bg5 Nbd7 11. Qd2 a6 12. Bf4 Ne8 13. Rac1 {Benjamin,
J-Kortschnoj,V/US-op/1983/}) 9... d6 10. Ba3 Na6 (10... Nc6 11. Qf4 d5 12. Bxe7
Nxe7 13. Rfd1 Qb8 14. Qxb8 Raxb8 15. cxd5 Nfxd5 16. Nxd5 Bxd5 17. Nd4 Rbd8 18.
Rac1) 11. Rad1 d5 $2 (11... Nc5) 12. Bb2 $1 dxc4 13. Qxc4 Qc8 (13... Qc7 14.
Qxc7 Nxc7 15. Ne5) 14. Qf4 $1 Nb4 (14... Nc5 15. Nb5 $1) (14... Qc7 15. Qxc7
Nxc7 16. Ne5) 15. Rc1 $1 Qb8 $6 (15... Qe8 $1) 16. Qxb8 Raxb8 17. Ne5 $1 Bxg2
18. Kxg2 Rbc8 $6 (18... Rb7 19. Rfd1) 19. a3 Nc6 $2 (19... Nbd5 20. Nxd5 Nxd5
21. Nc6) 20. Nxc6 Rxc6 21. Nd5 $1 1-0

[Event "Bugojno"]
[Site "Bugojno"]
[Date "1978.03.13"]
[Round "13"]
[White "Portisch, Lajos"]
[Black "Larsen, Bent"]
[Result "0-1"]
[WhiteElo "2630"]
[BlackElo "2620"]
[Annotator "Bulletin"]
[PlyCount "98"]
[EventDate "1978.02.27"]
[EventType "tourn"]
[EventRounds "15"]
[EventCountry "YUG"]
[EventCategory "14"]
[SourceTitle "MCL"]
[Source "ChessBase"]
[SourceDate "1999.07.01"]
[SourceVersion "1"]
[SourceVersionDate "1999.07.01"]
[SourceQuality "1"]

1. Nf3 Nf6 2. c4 b6 3. g3 Bb7 4. Bg2 c5 5. O-O g6 6. Nc3 Bg7 7. d4 Ne4 (7...
cxd4 8. Nxd4 (8. Qxd4 $2 Nc6 9. Qh4 h6 $1 {Larsen}) 8... Bxg2 9. Kxg2 Qc8 10.
b3 Qb7+ 11. f3 Nc6 12. Bb2 O-O 13. e4 $14 {Portisch-Tal, Varese 1976}) 8. Nd5
Nc6 (8... O-O $2 9. Ng5 $1 Nd6 10. Bf4 {Larsen}) (8... e6) 9. dxc5 bxc5 (9...
Nxc5 10. Rb1) 10. Ne1 f5 11. Nd3 d6 12. N3f4 Bc8 $1 (12... Qd7 13. Ne6 $1) 13.
f3 (13. Nc3 Bxc3 14. bxc3 Ne5 $15) (13. Qa4 Bd7 14. Ne6 Bxe6 15. Qxc6+ Kf7 16.
Nc7 Rc8 17. Nxe6 Rxc6 $15) 13... Nf6 14. e4 $6 (14. Rb1) 14... fxe4 15. fxe4
Rb8 $1 $15 16. Qa4 Bd7 17. Ne6 (17. Bh3 Nd4 18. Qxa7 Bxh3 19. Nxh3 Nxd5 20.
cxd5 Ra8 21. Qb7 Qb8 $1) 17... Bxe6 18. Qxc6+ Qd7 19. Nc7+ Kf7 20. Qxd7 (20. e5
$1 Qxc6 21. Bxc6 dxe5 $15) 20... Bxd7 21. Nd5 $2 (21. Rb1 e6) (21. e5) 21...
Ke8 $1 {-+ Larsen z.B. 22.Nc3 Ng4} 22. Kh1 Nxd5 23. cxd5 c4 $1 24. a4 (24. Rb1
c3) (24. Rf2 Rf8 25. Rc2 c3 $1 26. b3 Bb5 $19) 24... Rf8 25. Rd1 (25. Rxf8+
Kxf8 26. Ra2 c3 $1) 25... Bg4 26. Re1 c3 27. bxc3 Bxc3 28. Bf4 Bxa1 29. Rxa1
Rb3 30. Rc1 Rd3 31. Kg1 Rd1+ 32. Rxd1 Bxd1 33. a5 Be2 34. h4 Kd7 35. Be3 a6 36.
Bh3+ Kc7 37. Bg5 Bf3 38. e5 Re8 39. exd6+ Kxd6 40. Bf1 Ra8 41. Bd3 Bxd5 42. h5
gxh5 43. Be3 Ke5 44. Bb6 Bb7 45. Be2 Rf8 46. Bc7+ Kd4 47. Bb6+ Kc3 48. Bc5 Rf5
49. Bf2 Kd2 0-1